=LDR 00000nam 2200000 4500 =001 NUTBA000000000001263 =005 20140419110045.0 =006 =007 =008 =020 ##$$a 978-602-9319-16-3 =035 ##$$0010-041400000000533 =082 ##$$a 639.31 =100 ##$$aFORUM AGRI =245 ##$$a GURAMI BUDIDAYA CEPAT PANEN DENGAN PROBIOTIK =260 ##$$a YOGYAKARTA $b CAHAYA ATMA PUSTAKA $c 2011 =440 ##$$a EN DENGAN PROBIOTIK =700 ##$$aFORUM AGRI =850 ##$$a NBPNMAT =990 ##$$a 94364/BPAP-NTB/2014 =990 ##$$a 0001/BPAP-NTB/20142014 =990 ##$$a 0001/BPAP-NTB/20142014 =990 ##$$a 0001/BPAP-NTB/2015